Statistics for Top 100 Video Games according to Japanese Gamers (2021)

Click here to take the quiz!

General Stats

  • This quiz has been taken 93 times
  • The average score is 35 of 100

Answer Stats

RankGame% Correct
3Final Fantasy 7
74%
52The Legend of Zelda
74%
34Final Fantasy 5
71%
9Final Fantasy 10
69%
33Final Fantasy 6
69%
37Final Fantasy 9
69%
90Final Fantasy 8
68%
84Final Fantasy 11
66%
63Final Fantasy 3
66%
24Pokemon Red and Green
65%
12Super Mario Kart
65%
51Final Fantasy 4
63%
47Final Fantasy 14
62%
1The Legend of Zelda: Breath of The Wild
62%
26Pokemon Black and White
57%
68Pokemon X and Y
57%
11Pokemon Diamond and Pearl
54%
36Pokemon Gold and Silver
54%
64Pokemon HeartGold and SoulSilver
54%
99Pokemon Platinum
54%
10Super Mario Bros. 3
53%
17The Legend of Zelda: Ocarina of Time
53%
6Dragon Quest 3
51%
15Dragon Quest 4
51%
54Dragon Quest 8
51%
61Super Smash Bros.
51%
85Dragon Quest 6
50%
83Dragon Quest 7
50%
50Pokemon Ruby and Sapphire
50%
56Super Mario Galaxy
50%
97Super Mario World
50%
44Dragon Quest 10
49%
2Dragon Quest 5
49%
27Dragon Quest 11
47%
46Dragon Quest 2
47%
91Street Fighter 2
47%
80The Legend of Zelda: Majora’s Mask
47%
14Pokemon Sword and Shield
46%
32Resident Evil
44%
42Persona 5
43%
93Persona 5 Royal
43%
100Persona 3
41%
98Persona 4
41%
79Metal Gear Solid
38%
8Chrono Trigger
37%
20Minecraft
35%
7Super Smash Bros. Ultimate
35%
18Metal Gear Solid 3: Snake Eater
34%
89Super Mario Galaxy 2
34%
25Tetris
34%
88The Legend of Zelda: Skyward Sword
34%
28EarthBound
32%
49Kingdom Hearts
32%
16Kingdom Hearts 2
32%
95Mother (EarthBound Beginnings)
32%
21Splatoon
32%
77Mario Kart Wii
31%
58Animal Crossing
29%
74Super Smash Bros. Brawl
29%
13Undertale
28%
43Xenoblade Chronicles
28%
57Donkey Kong Country
26%
5Splatoon 2
26%
86Monster Hunter
25%
23Fire Emblem: Three Houses
24%
60Pokemon Black 2 and White 2
24%
35Xenoblade Chronicles 2
24%
4Animal Crossing: New Horizons
21%
67Bloodborne
21%
92Monster Hunter 4 Ultimate
21%
48Nier: Automata
21%
22Animal Crossing: New Leaf
19%
39Dark Souls 3
19%
70Monster Hunter World
19%
94Fire Emblem: Genealogy of the Holy War
18%
40Xenogears
15%
75Animal Crossing: Wild World
13%
66Ghost of Tsushima
13%
87Monster Hunter Generations Ultimate
13%
29Okami
13%
71Dr. Mario
10%
72Kirby Super Star
10%
69Super Mario RPG
10%
65Suikoden
9%
19Suikoden 2
9%
30Apex Legends
7%
45Kirby’s Return to Dream Land
7%
55Yo-kai Watch 2
7%
76Kirby Air Ride
6%
38Puyo Puyo
6%
82The Legend of Mana
6%
59Dead by Daylight
4%
73Gran Turismo 4
4%
78Nobunaga’s Ambition
4%
96Romance of the Three Kingdoms
4%
53Tales of the Abyss
4%
62Xevious
4%
81Dragon Quest Builders 2
3%
41Momotaro Dentetsu: Showa, Heisei, Reiwa mo Teiban!
3%
31Tactics Ogre: Let Us Cling Together
3%

Score Distribution

Percentile by Number Answered

Percent of People with Each Score

Your Score History

You have not taken this quiz